| 000 | 00969nam a22003490a 4500 | ||
|---|---|---|---|
| 001 | PT40586 | ||
| 003 | AR-LpoUNG | ||
| 005 | 20210201010306.0 | ||
| 008 | 201001s2010||||ag |||||||||||||||||spa d | ||
| 020 |
_a9789879872994 _c$4.15 |
||
| 040 |
_aAR-LpoUNG _bspa _eaacr |
||
| 041 | _aspa | ||
| 044 | _aag | ||
| 082 | 0 | _a982 473-2009 | |
| 100 | 1 | _aAlvarez Rodríguez, Cristina | |
| 245 | 1 | 0 |
_aAnuario : _b2009 |
| 250 | _a1§ ed. | ||
| 260 |
_aBuenos Aires : _bInstituto Nacional de Investigaciones Históricas Eva Perón, _c2010. |
||
| 300 |
_a163 p. : _bil., fot. _3Impreso |
||
| 490 | 0 | _aAnuario | |
| 650 | 4 | _aANUARIOS | |
| 650 | 4 | _aARGENTINA | |
| 650 | 4 | _aCULTURA | |
| 650 | 4 | _aHISTORIA | |
| 650 | 4 | _aIDENTIDAD CULTURAL | |
| 650 | 4 | _aINVESTIGACION | |
| 651 | 4 | _aArgentina | |
| 653 | _aPERONISMO | ||
| 710 | 2 | _aArgentina. Secretaría de Cultura. Instituto Nacional de Investigaciones Históricas Eva Perón | |
| 905 | _a40586 | ||
| 942 | _cLSALA | ||
| 999 |
_c50852 _d50852 |
||